| 000 | 01318nam0a2200241 i 4500 | ||
|---|---|---|---|
| 001 | RU\NLR\bibl\1892266 | ||
| 005 | 20240726060859.0 | ||
| 035 | _a(NLR Aleph) 001881947 | ||
| 090 |
_a2802898 _c2802898 |
||
| 100 | _a20120413d2008 |||y0rusy50 ca | ||
| 101 | 0 | _arus | |
| 102 | _aRU | ||
| 105 | _aa dm ||||| | ||
| 200 | 1 |
_aПсихические расстройства у больных кардиохирургического стационара в зависимости от выбора температурного режима искусственного кровообращения в ходе операций на сердце _e(клинические и прогностические аспекты) _eавтореферат диссертации на соискание ученой степени к. м. н. _eспециальность 14.00.18 <Психиатрия> _fКренкель Галина Львовна _g[Моск. мед. акад. им.И.М.Сеченова] |
|
| 210 |
_aМосква _d2008 |
||
| 215 |
_a26 с. _cил. _d21 |
||
| 320 | _aБиблиогр.: с. 23-24 (6 назв.) | ||
| 686 |
_a14.00.18 _2oksvnk |
||
| 700 | 1 |
_aКренкель _bГ. Л. _gГалина Львовна |
|
| 801 | 0 |
_aRU _bNLR _c20120413 _gRCR |
|
| 801 | 1 |
_aRU _bNLR _c20120413 |
|
| 942 | _cBOOK | ||